Vyhliadka a vinárstvo, Pezinok

Salvato in:
Dettagli Bibliografici
Autore principale: Štofová, Barbara (Autore)
Altri autori: Salcer, Igor (Relatore della tesi)
Natura: Manoscritto Libro
Lingua:slovacco
Pubblicazione: 2024
Soggetti:
Accesso online:http://is.stuba.sk/zp/portal_zp.pl?podrobnosti=162072
Tags: Aggiungi Tag
Nessun Tag, puoi essere il primo ad aggiungerne!!

MARC

LEADER 00000ntm a22000003a 4500
001 stuzp98708
003 SK-STU
005 20240615211139.7
007 ta
008 150427s2015----xo-----f-mn---000-0-slo-d
040 |a STU  |b slo 
041 0 |a slo 
100 1 |a Štofová, Barbara  |u 055150  |4 aut  |U FAD Fakulta architektúry a dizajnu  |T FAD Ústav interiéru a výstavníctva  |X 110328  |U A5150  |Y 396  |7 110328 
242 0 1 |a Lookout Point and Winery, Pezinok  |y eng 
245 1 0 |a Vyhliadka a vinárstvo, Pezinok 
260 |c 2024 
650 4 |a doplnenie  |2 slo 
650 4 |a vinárstvo  |2 slo 
650 4 |a príroda  |2 slo 
650 4 |a terén  |2 slo 
650 4 |a splynutie  |2 slo 
650 4 |a nature  |2 eng 
650 4 |a terrain  |2 eng 
650 4 |a fusion  |2 eng 
650 4 |a winery  |2 eng 
650 4 |a addition  |2 eng 
700 1 |a Salcer, Igor  |u 055150  |k Z8  |4 ths  |U FAD Fakulta architektúry a dizajnu  |T FAD Ústav interiéru a výstavníctva  |X 29139  |U A5150  |Y 396  |7 A000029139 
856 4 |u http://is.stuba.sk/zp/portal_zp.pl?podrobnosti=162072